দেশাত্ববোধক গান /
| Format: | Książka |
|---|---|
| Język: | English |
| Hasła przedmiotowe: | |
| Classic Catalogue: | View this record in Classic Catalogue |
| LEADER | 00563nam a22001457a 4500 | ||
|---|---|---|---|
| 005 | 20171111102747.0 | ||
| 008 | 171111b xxu||||| |||| 00| 0 eng d | ||
| 999 | |c 38563 |d 38563 | ||
| 040 | |a BD-DhAAL |c BD-DhAAL | ||
| 082 | |a 780.095492 | ||
| 245 | |a দেশাত্ববোধক গান / | ||
| 300 | |a 1 sound disc : |b digital ; |c 4 3/4 in. | ||
| 650 | |a Songs, Bengali |z Bangladesh |9 23736 | ||
| 942 | |2 ddc |c AV | ||
| 952 | |0 0 |1 0 |2 ddc |4 0 |6 780_095492000000000_DES |7 0 |9 61842 |a SCL |b SCL |c AV |d 2017-11-11 |g 60.00 |l 1 |o 780.095492 DES |p 4020009447 |r 2022-04-02 |s 2022-04-02 |t 1 |w 2017-11-11 |y AV | ||